000 00714nam a2200205Ia 4500
003 GCL
008 140319s9999 xx 000 0 ara d
020 _a0705238977
040 _aGCL /
_cGCL
082 0 4 _a811.009
_bع و
100 1 _aعبدالعزيز شرف
245 1 0 _aالوساطة بين حسن عبدالله القرشى ونقاده /
_cعبدالعزيز شرف
250 _aالاولى
260 _aالقاهرة :
_bدار الكتاب المصرى ،
_c2001
300 _a157 ص ؛
_c24 سم
650 0 4 _aالشعر العربى - تاريخ ونقد
650 0 4 _aالشعر العربى - دواوين وقصائد
650 0 4 _aحسن عبدالله القرشى
942 _2ddc
_cBK
999 _c5265
_d5265